[Event "Team Championship of Russia (rapid)"]
[Site "Sochi"]
[Date "2015.05.08"]
[Round "2.32"]
[White "Pogromsky, Mikhail"]
[Black "Vasilevich, Tatjana"]
[Result "1-0"]
[LiveChessVersion "1.4.4"]
[BlackElo "2268"]
[WhiteElo "2428"]
[BlackTeam "Crimea"]
[WhiteTeam "Polytechnic"]

1. Nf3 {[%clk 0:15:17]} d5 {[%clk 0:15:18]} 2. d4 {[%clk 0:15:25]} e6
{[%clk 0:15:24]} 3. c4 {[%clk 0:15:33]} Nf6 {[%clk 0:15:32]} 4. g3
{[%clk 0:15:40]} dxc4 {[%clk 0:15:40]} 5. Bg2 {[%clk 0:15:42]} Nc6
{[%clk 0:15:42]} 6. Nc3 {[%clk 0:15:08]} Rb8 {[%clk 0:15:38]} 7. Qa4
{[%clk 0:14:54]} Bb4 {[%clk 0:13:22]} 8. Ne5 {[%clk 0:14:38]} Qxd4
{[%clk 0:08:36]} 9. Nxc6 {[%clk 0:14:12]} Bxc3+ {[%clk 0:08:10]} 10. Kf1
{[%clk 0:14:04]} bxc6 {[%clk 0:06:48]} 11. Be3 {[%clk 0:11:28]} Qe5
{[%clk 0:06:48]} 12. bxc3 {[%clk 0:11:01]} Qxc3 {[%clk 0:06:15]} 13. Bxc6+
{[%clk 0:10:36]} Bd7 {[%clk 0:04:07]} 14. Bxd7+ {[%clk 0:10:28]} Nxd7
{[%clk 0:04:16]} 15. Rd1 {[%clk 0:10:36]} Rd8 {[%clk 0:04:15]} 16. Qc6
{[%clk 0:10:02]} Qf6 {[%clk 0:04:08]} 17. Kg2 {[%clk 0:09:56]} e5
{[%clk 0:04:16]} 18. Qxc7 {[%clk 0:10:01]} Qe6 {[%clk 0:04:16]} 19. Rd6
{[%clk 0:10:04]} Qf5 {[%clk 0:04:17]} 20. Rhd1 {[%clk 0:10:09]} h5
{[%clk 0:03:36]} 21. Rxd7 {[%clk 0:09:04]} Rxd7 {[%clk 0:02:40]} 22. Qc8+
{[%clk 0:09:08]} Ke7 {[%clk 0:02:46]} 23. Bc5+ {[%clk 0:08:55]} Kf6
{[%clk 0:02:50]} 24. Qxd7 {[%clk 0:09:03]} Qxd7 {[%clk 0:02:26]} 25. Rxd7
{[%clk 0:09:12]} Rc8 {[%clk 0:02:35]} 26. Be3 {[%clk 0:08:32]} c3
{[%clk 0:02:13]} 27. Rxa7 {[%clk 0:08:30]} c2 {[%clk 0:02:16]} 28. Bc1
{[%clk 0:08:39]} Ke6 {[%clk 0:02:09]} 29. Kf3 {[%clk 0:08:26]} g6
{[%clk 0:01:44]} 30. Ke3 {[%clk 0:08:28]} f5 {[%clk 0:01:40]} 31. Ra6+
{[%clk 0:07:56]} Kf7 {[%clk 0:01:26]} 32. Kd2 {[%clk 0:08:00]} f4
{[%clk 0:01:10]} 33. Ra3 {[%clk 0:08:05]} Kf6 {[%clk 0:00:58]} 34. Rc3
{[%clk 0:08:11]} Ra8 {[%clk 0:01:06]} 35. a3 {[%clk 0:08:20]} Kf5
{[%clk 0:01:13]} 36. Kxc2 {[%clk 0:08:26]} g5 {[%clk 0:01:09]} 37. f3
{[%clk 0:08:04]} Ra5 {[%clk 0:01:04]} 38. e4+ {[%clk 0:08:06]} fxe3
{[%clk 0:01:07]} 39. Bxe3 {[%clk 0:08:14]} g4 {[%clk 0:01:10]} 40. f4
{[%clk 0:08:08]} h4 {[%clk 0:01:08]} 41. fxe5 {[%clk 0:08:13]} hxg3
{[%clk 0:01:05]} 42. hxg3 {[%clk 0:08:21]} Rxe5 {[%clk 0:01:07]} 43. Rc5
{[%clk 0:08:29]} 1-0

[Event "Team Championship of Russia (rapid)"]
[Site "Sochi"]
[Date "2015.05.08"]
[Round "2.33"]
[White "Potapov, Pavel"]
[Black "Iljin, Artem"]
[Result "0-1"]
[LiveChessVersion "1.4.4"]
[BlackElo "2506"]
[WhiteElo "2500"]
[BlackTeam "Ladya-2"]
[WhiteTeam "Yamal"]

1. e4 {[%clk 0:15:19]} c6 {[%clk 0:15:17]} 2. d4 {[%clk 0:15:27]} d5
{[%clk 0:15:25]} 3. e5 {[%clk 0:15:35]} Bf5 {[%clk 0:15:30]} 4. h4
{[%clk 0:15:43]} h5 {[%clk 0:14:22]} 5. c4 {[%clk 0:15:52]} e6 {[%clk 0:14:31]}
6. Nc3 {[%clk 0:15:57]} Nd7 {[%clk 0:14:02]} 7. Nge2 {[%clk 0:15:42]} Ne7
{[%clk 0:12:36]} 8. Ng3 {[%clk 0:15:29]} Bg6 {[%clk 0:12:44]} 9. a3
{[%clk 0:15:20]} dxc4 {[%clk 0:12:40]} 10. Bxc4 {[%clk 0:15:27]} Nb6
{[%clk 0:12:34]} 11. Bb3 {[%clk 0:15:20]} Nf5 {[%clk 0:12:19]} 12. Nxf5
{[%clk 0:15:08]} Bxf5 {[%clk 0:12:28]} 13. Bg5 {[%clk 0:15:15]} Be7
{[%clk 0:12:15]} 14. Qd2 {[%clk 0:15:11]} Qd7 {[%clk 0:11:22]} 15. Rc1
{[%clk 0:13:44]} Rd8 {[%clk 0:05:11]} 16. Rd1 {[%clk 0:12:03]} O-O
{[%clk 0:04:36]} 17. Qe2 {[%clk 0:11:07]} Bg6 {[%clk 0:03:56]} 18. Ne4
{[%clk 0:10:53]} Nd5 {[%clk 0:03:06]} 19. Bxd5 {[%clk 0:07:03]} exd5
{[%clk 0:03:11]} 20. Ng3 {[%clk 0:06:15]} f6 {[%clk 0:02:58]} 21. exf6
{[%clk 0:04:08]} Bxf6 {[%clk 0:02:53]} 22. Bxf6 {[%clk 0:04:16]} Rxf6
{[%clk 0:02:56]} 23. O-O {[%clk 0:04:19]} Re8 {[%clk 0:02:49]} 24. Qd2
{[%clk 0:04:28]} Qg4 {[%clk 0:02:48]} 25. Qg5 {[%clk 0:03:37]} Qxg5
{[%clk 0:01:24]} 26. hxg5 {[%clk 0:03:46]} Rf4 {[%clk 0:01:32]} 27. f3
{[%clk 0:03:41]} h4 {[%clk 0:00:34]} 28. Nh1 {[%clk 0:03:49]} Rf5
{[%clk 0:00:38]} 29. Nf2 {[%clk 0:03:37]} Re2 {[%clk 0:00:34]} 30. Rfe1
{[%clk 0:02:30]} Rxb2 {[%clk 0:00:40]} 31. Nd3 {[%clk 0:02:38]} Ra2
{[%clk 0:00:37]} 32. f4 {[%clk 0:02:16]} Rf8 {[%clk 0:00:43]} 33. Re7
{[%clk 0:01:50]} Be4 {[%clk 0:00:26]} 34. Nf2 {[%clk 0:01:24]} Rxf4
{[%clk 0:00:34]} 35. Nxe4 {[%clk 0:01:33]} Rxe4 {[%clk 0:00:39]} 36. Rxe4
{[%clk 0:01:02]} dxe4 {[%clk 0:00:48]} 37. Re1 {[%clk 0:01:10]} Kf7
{[%clk 0:00:40]} 38. Rxe4 {[%clk 0:01:11]} Rxa3 {[%clk 0:00:48]} 39. Rxh4
{[%clk 0:01:17]} Rb3 {[%clk 0:00:49]} 40. Rh8 {[%clk 0:01:21]} a5
{[%clk 0:00:48]} 41. Ra8 {[%clk 0:01:26]} Rb5 {[%clk 0:00:57]} 42. Kf2
{[%clk 0:01:19]} Rxg5 {[%clk 0:01:04]} 43. Ke3 {[%clk 0:01:28]} Rb5
{[%clk 0:00:55]} 44. Kf4 {[%clk 0:01:32]} Ke6 {[%clk 0:00:41]} 45. Ke4
{[%clk 0:01:37]} Kf6 {[%clk 0:00:44]} 46. Kf4 {[%clk 0:01:28]} Rd5
{[%clk 0:00:51]} 47. Ke4 {[%clk 0:01:34]} Kg5 {[%clk 0:00:55]} 48. Ra7
{[%clk 0:01:28]} Rb5 {[%clk 0:00:57]} 49. Ra8 {[%clk 0:01:37]} Kg4
{[%clk 0:01:02]} 50. Re8 {[%clk 0:01:16]} a4 {[%clk 0:00:35]} 51. Ra8
{[%clk 0:01:22]} Rb4 {[%clk 0:00:44]} 52. Ke5 {[%clk 0:01:30]} Kg3
{[%clk 0:00:39]} 53. Rg8 {[%clk 0:01:28]} Kxg2 {[%clk 0:00:41]} 54. Rxg7+
{[%clk 0:01:37]} Kf3 {[%clk 0:00:50]} 55. Rh7 {[%clk 0:01:41]} Ke3
{[%clk 0:00:50]} 56. Rh3+ {[%clk 0:01:49]} Kd2 {[%clk 0:00:58]} 57. Rh2+
{[%clk 0:01:49]} Kc3 {[%clk 0:01:03]} 58. Rh3+ {[%clk 0:01:52]} Kc4
{[%clk 0:01:10]} 59. Rh4 {[%clk 0:01:43]} Kb5 {[%clk 0:01:04]} 60. Rh7
{[%clk 0:01:46]} Kb6 {[%clk 0:00:42]} 61. Rh8 {[%clk 0:01:44]} a3
{[%clk 0:00:44]} 62. Rh2 {[%clk 0:01:48]} Ra4 {[%clk 0:00:32]} 63. Ra2
{[%clk 0:01:50]} Kb5 {[%clk 0:00:41]} 64. d5 {[%clk 0:01:52]} cxd5
{[%clk 0:00:46]} 65. Kxd5 {[%clk 0:01:59]} Kb4 {[%clk 0:00:54]} 0-1

[Event "Team Championship of Russia (rapid)"]
[Site "Sochi"]
[Date "2015.05.08"]
[Round "2.34"]
[White "Rodchenkov, Sergey D."]
[Black "Goryachkina, Aleksandra"]
[Result "0-1"]
[LiveChessVersion "1.4.4"]
[BlackElo "2428"]
[WhiteElo "2299"]
[BlackTeam "Yamal"]
[WhiteTeam "Ladya-2"]

1. d4 {[%clk 0:15:18]} d5 {[%clk 0:15:18]} 2. c4 {[%clk 0:15:26]} e6
{[%clk 0:15:26]} 3. Nc3 {[%clk 0:15:35]} Nf6 {[%clk 0:15:27]} 4. Nf3
{[%clk 0:15:44]} c6 {[%clk 0:15:35]} 5. Bg5 {[%clk 0:15:47]} Nbd7
{[%clk 0:15:36]} 6. e3 {[%clk 0:15:55]} Qa5 {[%clk 0:15:36]} 7. Nd2
{[%clk 0:15:51]} Bb4 {[%clk 0:15:31]} 8. Qc2 {[%clk 0:16:00]} O-O
{[%clk 0:15:25]} 9. Be2 {[%clk 0:15:31]} c5 {[%clk 0:15:03]} 10. O-O
{[%clk 0:15:02]} cxd4 {[%clk 0:14:54]} 11. Nb3 {[%clk 0:15:11]} Qd8
{[%clk 0:13:53]} 12. Nxd4 {[%clk 0:15:07]} h6 {[%clk 0:13:50]} 13. Bh4
{[%clk 0:15:03]} Bxc3 {[%clk 0:13:26]} 14. Bxf6 {[%clk 0:15:10]} Nxf6
{[%clk 0:12:45]} 15. Qxc3 {[%clk 0:15:17]} Qe7 {[%clk 0:12:32]} 16. Rac1
{[%clk 0:11:30]} b6 {[%clk 0:11:57]} 17. cxd5 {[%clk 0:07:28]} Nxd5
{[%clk 0:12:03]} 18. Qb3 {[%clk 0:07:37]} Bb7 {[%clk 0:12:03]} 19. Bb5
{[%clk 0:07:30]} Rfc8 {[%clk 0:10:48]} 20. Bc6 {[%clk 0:07:21]} Bxc6
{[%clk 0:09:32]} 21. Nxc6 {[%clk 0:07:29]} Qb7 {[%clk 0:09:12]} 22. Nd4
{[%clk 0:07:22]} a6 {[%clk 0:09:12]} 23. a4 {[%clk 0:05:56]} Rab8
{[%clk 0:09:20]} 24. h3 {[%clk 0:06:01]} Rc5 {[%clk 0:09:11]} 25. Rc2
{[%clk 0:04:19]} Rxc2 {[%clk 0:09:18]} 26. Nxc2 {[%clk 0:04:25]} Rc8
{[%clk 0:09:22]} 27. Nb4 {[%clk 0:04:19]} Ne7 {[%clk 0:09:09]} 28. Rd1
{[%clk 0:04:25]} Nf5 {[%clk 0:09:12]} 29. Nd3 {[%clk 0:03:50]} Nh4
{[%clk 0:08:37]} 30. f3 {[%clk 0:03:50]} Nf5 {[%clk 0:08:27]} 31. Nf4
{[%clk 0:03:39]} Qc7 {[%clk 0:08:32]} 32. Nxe6 {[%clk 0:03:39]} Qe5
{[%clk 0:06:56]} 33. e4 {[%clk 0:03:48]} Nh4 {[%clk 0:06:09]} 34. Nd8
{[%clk 0:03:09]} Qe7 {[%clk 0:05:53]} 35. Qd5 {[%clk 0:03:14]} Rc5
{[%clk 0:04:43]} 36. Nc6 {[%clk 0:02:57]} Qg5 {[%clk 0:02:57]} 37. Qd8+
{[%clk 0:03:04]} Kh7 {[%clk 0:03:00]} 38. Qxg5 {[%clk 0:03:12]} Rxg5
{[%clk 0:03:04]} 39. g4 {[%clk 0:03:08]} Nxf3+ {[%clk 0:03:04]} 40. Kf2
{[%clk 0:03:17]} Ne5 {[%clk 0:03:04]} 41. Nxe5 Rxe5 42. Kf3 {[%clk 0:02:30]} Re6
{[%clk 0:03:20]} 43. b4 {[%clk 0:02:22]} Rc6 {[%clk 0:03:19]} 44. Rd4
{[%clk 0:02:31]} Rc3+ {[%clk 0:03:13]} 45. Kf4 {[%clk 0:02:14]} Rxh3
{[%clk 0:03:18]} 46. Rd6 {[%clk 0:02:22]} Ra3 {[%clk 0:03:24]} 47. Rxb6
{[%clk 0:02:18]} Rxa4 {[%clk 0:03:33]} 48. Ke5 {[%clk 0:02:11]} a5
{[%clk 0:02:53]} 49. b5 {[%clk 0:01:47]} Rb4 {[%clk 0:03:00]} 50. Rb7
{[%clk 0:01:50]} a4 {[%clk 0:03:06]} 51. b6 {[%clk 0:01:59]} a3 {[%clk 0:03:03]}
52. Ra7 {[%clk 0:01:13]} Rxb6 {[%clk 0:03:01]} 53. Rxa3 {[%clk 0:01:23]} Rf6
{[%clk 0:02:46]} 54. Ra2 {[%clk 0:00:21]} Kg6 {[%clk 0:02:55]} 55. Ra8
{[%clk 0:00:19]} Rf1 {[%clk 0:02:55]} 56. Rg8 {[%clk 0:00:24]} Rf2
{[%clk 0:02:54]} 57. Rf8 {[%clk 0:00:28]} f6+ {[%clk 0:02:37]} 58. Kd5
{[%clk 0:00:28]} Rf4 {[%clk 0:02:36]} 0-1

[Event "Team Championship of Russia (rapid)"]
[Site "Sochi"]
[Date "2015.05.08"]
[Round "2.35"]
[White "Savitskiy, Sergey"]
[Black "Gerasimov, Ivan"]
[Result "0-1"]
[LiveChessVersion "1.4.4"]
[BlackElo "2311"]
[WhiteElo "2438"]
[BlackTeam "Ladya-2"]
[WhiteTeam "Yamal"]

1. e4 {[%clk 0:15:17]} c5 {[%clk 0:15:18]} 2. Nf3 {[%clk 0:15:26]} e6
{[%clk 0:15:26]} 3. d4 {[%clk 0:15:34]} cxd4 {[%clk 0:15:34]} 4. Nxd4
{[%clk 0:15:43]} a6 {[%clk 0:15:42]} 5. Nc3 {[%clk 0:15:52]} Qc7 {[%clk 0:15:44]}
6. f4 {[%clk 0:16:01]} b5 {[%clk 0:15:44]} 7. Bd3 {[%clk 0:16:09]} Bb7
{[%clk 0:15:48]} 8. Qe2 {[%clk 0:16:14]} Nc6 {[%clk 0:15:46]} 9. Nb3
{[%clk 0:16:20]} Nb4 {[%clk 0:14:12]} 10. Be3 {[%clk 0:15:52]} Nf6
{[%clk 0:13:35]} 11. a3 {[%clk 0:15:44]} Nxd3+ {[%clk 0:13:30]} 12. cxd3
{[%clk 0:15:52]} Be7 {[%clk 0:12:22]} 13. Rc1 {[%clk 0:15:18]} Qd8
{[%clk 0:12:17]} 14. O-O {[%clk 0:11:21]} O-O {[%clk 0:12:17]} 15. a4
{[%clk 0:11:02]} b4 {[%clk 0:11:56]} 16. Nb1 {[%clk 0:11:11]} Bc6
{[%clk 0:11:58]} 17. a5 {[%clk 0:10:36]} Qb8 {[%clk 0:11:34]} 18. N1d2
{[%clk 0:08:03]} Bb5 {[%clk 0:11:37]} 19. Nd4 {[%clk 0:05:46]} Bd8
{[%clk 0:10:34]} 20. Nxb5 {[%clk 0:05:29]} Qxb5 {[%clk 0:10:30]} 21. Bc5
{[%clk 0:03:41]} Re8 22. e5 Nd5 {[%clk 0:10:38]} 23. Ne4 {[%clk 0:04:00]} Bc7
{[%clk 0:09:24]} 24. Bd6 {[%clk 0:03:19]} Bxa5 {[%clk 0:09:26]} 25. f5
{[%clk 0:03:28]} exf5 {[%clk 0:08:18]} 26. Rxf5 {[%clk 0:03:12]} Bb6+
{[%clk 0:07:38]} 27. Kh1 {[%clk 0:03:21]} Ne3 {[%clk 0:07:48]} 28. Rg5
{[%clk 0:02:08]} Re6 {[%clk 0:07:16]} 29. Qh5 {[%clk 0:01:08]} Rg6
{[%clk 0:06:16]} 30. e6 {[%clk 0:00:37]} Qxd3 {[%clk 0:05:48]} 31. exf7+
{[%clk 0:00:36]} Kxf7 {[%clk 0:05:56]} 32. Rxg6 {[%clk 0:00:25]} hxg6
{[%clk 0:06:03]} 33. Qf3+ {[%clk 0:00:27]} Kg8 {[%clk 0:05:52]} 34. Bxb4
{[%clk 0:00:13]} Re8 {[%clk 0:04:58]} 35. Ng5 {[%clk 0:00:14]} Qf5
{[%clk 0:03:07]} 36. Qxf5 {[%clk 0:00:18]} gxf5 {[%clk 0:02:56]} 37. h3
{[%clk 0:00:22]} g6 {[%clk 0:02:34]} 38. Nf3 {[%clk 0:00:23]} Kf7
{[%clk 0:02:18]} 39. Bc5 {[%clk 0:00:28]} Bxc5 {[%clk 0:02:15]} 40. Rxc5
{[%clk 0:00:38]} Kf6 {[%clk 0:02:21]} 41. Rc7 {[%clk 0:00:28]} d5
{[%clk 0:01:52]} 42. Kg1 {[%clk 0:00:20]} Re6 {[%clk 0:01:53]} 43. b3
{[%clk 0:00:19]} g5 {[%clk 0:01:51]} 44. Nd4 {[%clk 0:00:19]} Rb6
{[%clk 0:01:51]} 45. Kf2 {[%clk 0:00:24]} f4 {[%clk 0:01:57]} 46. g3
{[%clk 0:00:18]} Nf5 {[%clk 0:01:48]} 47. Nxf5 {[%clk 0:00:20]} Kxf5
{[%clk 0:01:56]} 48. gxf4 {[%clk 0:00:21]} gxf4 {[%clk 0:01:57]} 49. Ra7
{[%clk 0:00:13]} Rxb3 {[%clk 0:01:39]} 50. Rxa6 {[%clk 0:00:21]} Rxh3
{[%clk 0:01:46]} 51. Rd6 {[%clk 0:00:27]} Ke4 {[%clk 0:01:25]} 52. Re6+
{[%clk 0:00:36]} Kd3 {[%clk 0:01:17]} 53. Rf6 {[%clk 0:00:39]} Ke4
{[%clk 0:01:23]} 54. Re6+ {[%clk 0:00:48]} Kf5 {[%clk 0:01:32]} 55. Rd6
{[%clk 0:00:55]} Ke5 {[%clk 0:01:39]} 56. Rd8 {[%clk 0:01:05]} d4
{[%clk 0:01:46]} 57. Ke2 {[%clk 0:01:05]} Re3+ {[%clk 0:01:31]} 58. Kf2
{[%clk 0:00:48]} Ke4 {[%clk 0:01:31]} 59. Re8+ {[%clk 0:00:55]} Kd3
{[%clk 0:01:38]} 60. Rf8 {[%clk 0:01:04]} Kc3 {[%clk 0:01:06]} 61. Rc8+
{[%clk 0:01:13]} Kd2 {[%clk 0:01:12]} 62. Rc4 {[%clk 0:01:12]} d3
{[%clk 0:01:13]} 63. Rxf4 {[%clk 0:01:05]} Re8 {[%clk 0:01:11]} 64. Rf7
{[%clk 0:00:52]} Kd1 {[%clk 0:01:04]} 65. Rd7 {[%clk 0:00:56]} d2
{[%clk 0:01:10]} 66. Rd5 {[%clk 0:01:05]} Rf8+ {[%clk 0:01:07]} 67. Kg2
{[%clk 0:01:14]} Rf7 {[%clk 0:00:50]} 68. Kg3 {[%clk 0:01:04]} Ke2
{[%clk 0:00:39]} 69. Re5+ {[%clk 0:01:06]} Kd3 {[%clk 0:00:45]} 70. Rd5+
{[%clk 0:01:13]} Ke3 {[%clk 0:00:54]} 71. Kg2 {[%clk 0:01:09]} Rf4
{[%clk 0:00:59]} 0-1

[Event "Team Championship of Russia (rapid)"]
[Site "Sochi"]
[Date "2015.05.08"]
[Round "2.36"]
[White "Torbin, Kirill"]
[Black "Potapov, Alexander"]
[Result "1-0"]
[LiveChessVersion "1.4.4"]
[BlackElo "2436"]
[WhiteElo "2344"]
[BlackTeam "Yamal"]
[WhiteTeam "Ladya-2"]

1. d4 {[%clk 0:15:19]} f5 {[%clk 0:15:18]} 2. c4 {[%clk 0:15:26]} Nf6
{[%clk 0:15:26]} 3. g3 {[%clk 0:15:35]} g6 {[%clk 0:15:34]} 4. Bg2
{[%clk 0:15:43]} Bg7 {[%clk 0:15:43]} 5. Nh3 {[%clk 0:15:51]} O-O
{[%clk 0:15:50]} 6. Nf4 {[%clk 0:15:59]} Nc6 {[%clk 0:15:57]} 7. d5
{[%clk 0:16:03]} Ne5 {[%clk 0:16:06]} 8. Qc2 {[%clk 0:15:39]} Nf7
{[%clk 0:16:12]} 9. Nc3 {[%clk 0:13:43]} e5 {[%clk 0:16:20]} 10. dxe6
{[%clk 0:13:47]} dxe6 {[%clk 0:16:29]} 11. O-O {[%clk 0:13:31]} c6
{[%clk 0:16:35]} 12. e4 {[%clk 0:13:29]} e5 {[%clk 0:16:41]} 13. Nd3
{[%clk 0:13:26]} f4 {[%clk 0:15:40]} 14. gxf4 {[%clk 0:13:18]} Nh5
{[%clk 0:15:49]} 15. Ne2 {[%clk 0:12:12]} Qh4 {[%clk 0:15:47]} 16. f3
{[%clk 0:11:24]} exf4 {[%clk 0:15:03]} 17. Nf2 {[%clk 0:06:58]} g5
{[%clk 0:13:42]} 18. Bd2 {[%clk 0:06:30]} Ne5 {[%clk 0:13:48]} 19. h3
{[%clk 0:05:38]} Ng3 {[%clk 0:13:49]} 20. Rfe1 {[%clk 0:05:46]} h5
{[%clk 0:13:47]} 21. Rad1 {[%clk 0:04:51]} Nxe2+ {[%clk 0:13:28]} 22. Rxe2
{[%clk 0:04:59]} Nxf3+ {[%clk 0:13:35]} 23. Bxf3 {[%clk 0:05:05]} Qg3+
{[%clk 0:13:44]} 24. Bg2 {[%clk 0:05:09]} f3 {[%clk 0:13:52]} 25. Nh1
{[%clk 0:05:17]} Bd4+ {[%clk 0:09:49]} 26. Be3 {[%clk 0:05:01]} f2+
{[%clk 0:09:28]} 27. Bxf2 {[%clk 0:04:21]} Bxf2+ {[%clk 0:08:55]} 28. Rxf2
{[%clk 0:04:14]} Qe3 {[%clk 0:08:49]} 29. Qd2 {[%clk 0:03:59]} Qxd2
{[%clk 0:08:49]} 30. Rxf8+ {[%clk 0:04:00]} Kxf8 {[%clk 0:08:58]} 31. Rxd2
{[%clk 0:04:09]} Be6 {[%clk 0:09:07]} 32. b3 {[%clk 0:04:14]} h4 {[%clk 0:09:13]}
33. Nf2 {[%clk 0:04:21]} Ke7 {[%clk 0:09:22]} 34. Bf3 {[%clk 0:04:27]} Rf8
{[%clk 0:08:55]} 35. Bg4 {[%clk 0:04:22]} Bxg4 {[%clk 0:09:00]} 36. Nxg4
{[%clk 0:04:24]} Rf3 {[%clk 0:09:08]} 37. Nf2 {[%clk 0:04:08]} Rc3
{[%clk 0:09:05]} 38. Kf1 {[%clk 0:04:12]} a5 {[%clk 0:09:14]} 39. Ke2
{[%clk 0:03:56]} a4 {[%clk 0:09:20]} 40. Rb2 {[%clk 0:04:05]} a3 {[%clk 0:09:29]}
41. Rd2 {[%clk 0:04:13]} Rc1 {[%clk 0:09:14]} 42. Kf3 {[%clk 0:04:15]} Rg1
{[%clk 0:09:23]} 43. e5 {[%clk 0:04:17]} Ke6 {[%clk 0:09:26]} 44. Re2
{[%clk 0:04:20]} Rg3+ {[%clk 0:08:48]} 45. Ke4 {[%clk 0:04:27]} b6
{[%clk 0:08:36]} 46. Rd2 {[%clk 0:04:25]} Rg2 {[%clk 0:08:45]} 47. Rd6+
{[%clk 0:04:28]} Ke7 {[%clk 0:08:54]} 48. Ke3 {[%clk 0:04:36]} Rg3+
{[%clk 0:08:45]} 49. Ke2 {[%clk 0:04:42]} Rc3 {[%clk 0:08:54]} 50. Rxc6
{[%clk 0:04:44]} Rc2+ {[%clk 0:09:03]} 51. Kf3 {[%clk 0:04:53]} Rxa2
{[%clk 0:09:12]} 52. Rxb6 {[%clk 0:05:00]} Rb2 {[%clk 0:09:21]} 53. Ne4
{[%clk 0:04:44]} Rb1 {[%clk 0:08:54]} 54. Ra6 {[%clk 0:04:27]} Rf1+
{[%clk 0:08:50]} 55. Ke3 {[%clk 0:04:31]} g4 {[%clk 0:08:49]} 56. hxg4
{[%clk 0:04:35]} h3 {[%clk 0:08:49]} 57. Ra7+ {[%clk 0:04:10]} Kf8
{[%clk 0:08:39]} 58. e6 {[%clk 0:03:04]} Re1+ {[%clk 0:08:48]} 59. Kf3
{[%clk 0:02:48]} Rxe4 {[%clk 0:08:52]} 60. Rxa3 {[%clk 0:02:34]} h2
{[%clk 0:08:59]} 61. Ra1 {[%clk 0:02:39]} Rxe6 {[%clk 0:09:08]} 62. Rb1
{[%clk 0:01:49]} Ke7 {[%clk 0:08:58]} 63. b4 {[%clk 0:01:47]} Kd6
{[%clk 0:09:04]} 64. Kg2 {[%clk 0:01:50]} Re2+ {[%clk 0:09:11]} 65. Kg3
{[%clk 0:01:56]} Rc2 {[%clk 0:09:13]} 66. c5+ {[%clk 0:02:03]} Kc6
{[%clk 0:09:13]} 67. g5 {[%clk 0:02:12]} Rb2 {[%clk 0:09:22]} 68. Rc1
{[%clk 0:02:18]} Rxb4 {[%clk 0:09:28]} 69. Kxh2 {[%clk 0:02:26]} Rg4
{[%clk 0:09:37]} 70. Rg1 {[%clk 0:02:25]} Rxg1 {[%clk 0:09:19]} 71. Kxg1
{[%clk 0:02:34]} Kxc5 {[%clk 0:09:28]} 72. g6 {[%clk 0:02:42]} 1-0

[Event "Team Championship of Russia (rapid)"]
[Site "Sochi"]
[Date "2015.05.08"]
[Round "3.1"]
[White "Korobov, Anton"]
[Black "Nepomniachtchi, Ian"]
[Result "0-1"]
[LiveChessVersion "1.4.4"]
[BlackElo "2700"]
[WhiteElo "2660"]
[BlackTeam "SHSM-Our Heritage-1"]
[WhiteTeam "Siberia"]

1. d4 {[%clk 0:15:18]} Nf6 {[%clk 0:15:19]} 2. c4 {[%clk 0:15:27]} g6
{[%clk 0:15:28]} 3. Nc3 {[%clk 0:15:36]} d5 {[%clk 0:15:38]} 4. cxd5
{[%clk 0:15:44]} Nxd5 {[%clk 0:15:47]} 5. e4 {[%clk 0:15:53]} Nxc3
{[%clk 0:15:55]} 6. bxc3 {[%clk 0:16:02]} Bg7 {[%clk 0:16:04]} 7. Nf3
{[%clk 0:16:11]} c5 {[%clk 0:16:05]} 8. Be2 {[%clk 0:16:20]} O-O {[%clk 0:16:06]}
9. Be3 {[%clk 0:16:23]} Qa5 {[%clk 0:16:12]} 10. Bd2 {[%clk 0:16:31]} Nd7
{[%clk 0:16:13]} 11. O-O {[%clk 0:15:53]} e5 {[%clk 0:16:22]} 12. a4
{[%clk 0:13:26]} Qc7 {[%clk 0:16:09]} 13. Rc1 {[%clk 0:13:11]} b6
{[%clk 0:15:22]} 14. Qb3 {[%clk 0:13:02]} Bb7 {[%clk 0:15:22]} 15. d5
{[%clk 0:13:05]} Nf6 {[%clk 0:15:23]} 16. Qc2 {[%clk 0:12:54]} Ne8
{[%clk 0:14:42]} 17. c4 {[%clk 0:12:51]} Nd6 {[%clk 0:14:50]} 18. Bc3
{[%clk 0:12:42]} Rae8 {[%clk 0:14:59]} 19. a5 {[%clk 0:10:52]} Bc8
{[%clk 0:14:41]} 20. axb6 {[%clk 0:10:33]} axb6 {[%clk 0:14:50]} 21. Nd2
{[%clk 0:10:22]} f5 {[%clk 0:14:59]} 22. f3 {[%clk 0:09:54]} Bh6 {[%clk 0:15:01]}
23. Qd3 {[%clk 0:09:40]} Ba6 {[%clk 0:13:33]} 24. Kh1 {[%clk 0:08:06]} Qd8
{[%clk 0:12:25]} 25. Qc2 {[%clk 0:06:28]} Be3 {[%clk 0:09:56]} 26. Ra1
{[%clk 0:06:13]} Bc8 {[%clk 0:10:00]} 27. Qb2 {[%clk 0:05:33]} Bf4
{[%clk 0:05:37]} 28. g3 {[%clk 0:05:23]} Bxd2 {[%clk 0:05:45]} 29. Qxd2
{[%clk 0:03:43]} fxe4 {[%clk 0:05:53]} 30. Ra7 {[%clk 0:03:24]} Re7
{[%clk 0:05:35]} 31. Ra8 {[%clk 0:03:31]} Qd7 {[%clk 0:03:38]} 32. fxe4
{[%clk 0:03:15]} Rxf1+ {[%clk 0:03:46]} 33. Bxf1 {[%clk 0:03:23]} Nxe4
{[%clk 0:03:54]} 34. Qh6 {[%clk 0:02:18]} Qf5 {[%clk 0:02:20]} 35. Rxc8+
{[%clk 0:00:29]} Qxc8 {[%clk 0:02:29]} 36. Bb2 {[%clk 0:00:20]} Qf8
{[%clk 0:02:07]} 37. Qc1 {[%clk 0:00:29]} Rf7 {[%clk 0:01:53]} 38. Be2
{[%clk 0:00:30]} Rf2 {[%clk 0:01:50]} 39. Qe3 {[%clk 0:00:37]} Rf1+
{[%clk 0:01:56]} 40. Kg2 {[%clk 0:00:46]} Qf2+ {[%clk 0:02:05]} 0-1

[Event "Team Championship of Russia (rapid)"]
[Site "Sochi"]
[Date "2015.05.08"]
[Round "3.2"]
[White "Najer, Evgeniy"]
[Black "Kokarev, Dmitry"]
[Result "1-0"]
[LiveChessVersion "1.4.4"]
[BlackElo "2608"]
[WhiteElo "2667"]
[BlackTeam "Siberia"]
[WhiteTeam "SHSM-Our Heritage-1"]

1. d4 {[%clk 0:15:11]} Nf6 {[%clk 0:15:17]} 2. g3 {[%clk 0:15:20]} c5
{[%clk 0:15:17]} 3. d5 {[%clk 0:15:17]} d6 {[%clk 0:15:22]} 4. Nc3
{[%clk 0:15:08]} g6 {[%clk 0:15:29]} 5. Bg2 {[%clk 0:15:16]} Bg7 {[%clk 0:15:36]}
6. e4 {[%clk 0:15:04]} O-O {[%clk 0:15:19]} 7. Nge2 {[%clk 0:15:08]} Na6
{[%clk 0:15:07]} 8. O-O {[%clk 0:15:15]} Nc7 {[%clk 0:15:15]} 9. a4
{[%clk 0:15:24]} b6 {[%clk 0:15:22]} 10. h3 {[%clk 0:15:30]} Rb8 {[%clk 0:15:25]}
11. g4 {[%clk 0:15:36]} a6 {[%clk 0:15:08]} 12. Rb1 {[%clk 0:14:30]} b5
{[%clk 0:11:51]} 13. axb5 {[%clk 0:14:38]} axb5 {[%clk 0:12:00]} 14. b4
{[%clk 0:14:43]} Nd7 {[%clk 0:10:29]} 15. Be3 {[%clk 0:12:52]} cxb4
{[%clk 0:09:57]} 16. Rxb4 {[%clk 0:11:57]} Ne5 {[%clk 0:10:04]} 17. Ba7
{[%clk 0:09:26]} Rb7 {[%clk 0:10:09]} 18. Bd4 {[%clk 0:09:34]} Bd7
{[%clk 0:09:32]} 19. f4 {[%clk 0:07:01]} Nc4 {[%clk 0:09:40]} 20. Bxg7
{[%clk 0:07:10]} Kxg7 {[%clk 0:09:47]} 21. Qd4+ {[%clk 0:07:18]} Kg8
{[%clk 0:09:55]} 22. Ra1 {[%clk 0:07:25]} e5 {[%clk 0:09:54]} 23. dxe6
{[%clk 0:07:25]} Nxe6 {[%clk 0:10:00]} 24. Qf2 {[%clk 0:07:27]} Bc6
{[%clk 0:09:24]} 25. Ra6 {[%clk 0:06:36]} Bd7 {[%clk 0:05:53]} 26. e5
{[%clk 0:06:37]} Rb8 {[%clk 0:06:00]} 27. Rxc4 {[%clk 0:05:58]} bxc4
{[%clk 0:06:06]} 28. Rxd6 {[%clk 0:06:07]} Qc8 {[%clk 0:04:15]} 29. f5
{[%clk 0:04:47]} gxf5 {[%clk 0:02:31]} 30. gxf5 {[%clk 0:04:55]} Qc5
{[%clk 0:02:39]} 31. Rxd7 {[%clk 0:04:28]} 1-0